| 000 | 00526nam a2200193 4500 | ||
|---|---|---|---|
| 008 | b xx# fre u | ||
| 010 | _a33693 | ||
| 040 | _aLB-BrCRDP | ||
| 082 | _a212.1/B886a | ||
| 100 | 1 | _aBruaire, Claude | |
| 130 | 1 | _lFR | |
| 245 | 1 | 0 |
_aL'affirmation de dieu _bessai sur la logique de l'existence _cClaude Bruaire |
| 260 |
_aParis _bSeuil _cc1964 |
||
| 300 |
_a285p. ; _c20cm |
||
| 490 | 0 | _aL'ordre philosophique | |
| 650 |
_aDieu _xExistence |
||
| 942 | _cBK | ||
| 999 |
_c12675 _d12675 |
||